| 000 | 00574nam a2200205 a 4500 | ||
|---|---|---|---|
| 005 | 20240803063740.0 | ||
| 008 | 991125s1979 mx 000 0 spa u | ||
| 020 | _a9683400604 | ||
| 035 | _aUPN01000041051 | ||
| 049 | _aCG | ||
| 050 | 4 |
_aPN6019 G7 _bU5.5 |
|
| 100 | 1 |
_aUnamuno, Miguel de, _d1864-1936 |
|
| 245 | 1 | 0 |
_aNiebla ; San Manuel Bueno, mártir / _cMiguel de Unamuno |
| 260 |
_aMéxico : _bPROMEXA, _c1979 |
||
| 300 | _axiv, 214 p | ||
| 440 | 4 | _aLas grandes obras del siglo veinte | |
| 650 | 4 |
_aNovela española _910814 |
|
| 904 |
_aAC _b041053 |
||
| 905 | _aLibro | ||
| 999 |
_c41051 _d41051 |
||